000 00223nam a2200097Ia 4500
005 20251222114415.0
008 251222s1900||||xx |||||||||||||| ||spa||
082 _aDVD0155/M86/2013
245 0 _aUn Dios prohibido:
942 _cDVD
999 _c2200
_d2200